ARRUPE JESUIT UNIVERSITY

CORONAVIRUS -STOP THE SPREAD - CLEAN,DISINFECT,COVER

The civilization of Christianity / (Record no. 130731)

MARC details
000 -LEADER
fixed length control field 00710nam a2200241 a 4500
001 - CONTROL NUMBER
control field 2885801
003 - CONTROL NUMBER IDENTIFIER
control field ARRUPE
005 - DATE AND TIME OF LATEST TRANSACTION
control field 20211008100355.0
008 - FIXED-LENGTH DATA ELEMENTS--GENERAL INFORMATION
fixed length control field 860523s1986 ilu b 000 0 eng
010 ## - LIBRARY OF CONGRESS CONTROL NUMBER
LC control number 86163647
020 ## - INTERNATIONAL STANDARD BOOK NUMBER
International Standard Book Number 0883471809 :
Terms of availability $15.95
040 ## - CATALOGING SOURCE
Original cataloging agency DLC
Transcribing agency DLC
Modifying agency DLC
050 00 - LIBRARY OF CONGRESS CALL NUMBER
Classification number BR115.C8
Item number M265 1986
082 00 - DEWEY DECIMAL CLASSIFICATION NUMBER
Classification number 270.8/2
Edition number 19
300 ## - PHYSICAL DESCRIPTION
Dimensions 22 cm.
100 1# - MAIN ENTRY--PERSONAL NAME
Personal name McKenzie, John L.
9 (RLIN) 27979
245 14 - TITLE STATEMENT
Title The civilization of Christianity /
Statement of responsibility, etc John L. McKenzie.
260 ## - PUBLICATION, DISTRIBUTION, ETC. (IMPRINT)
Place of publication, distribution, etc Chicago, Ill. :
Name of publisher, distributor, etc T. More Press,
Date of publication, distribution, etc c1986.
300 ## - PHYSICAL DESCRIPTION
Extent 260 p. ;
504 ## - BIBLIOGRAPHY, ETC. NOTE
Bibliography, etc Bibliography: p. 259-260.
650 #0 - SUBJECT ADDED ENTRY--TOPICAL TERM
Topical term or geographic name as entry element Christianity and culture.
906 ## - LOCAL DATA ELEMENT F, LDF (RLIN)
a 7
b cbc
c orignew
d 2
e ncip
f 19
g y-gencatlg
942 ## - ADDED ENTRY ELEMENTS (KOHA)
Source of classification or shelving scheme Library of Congress Classification
Koha item type Monograph ( Printed materials)
Holdings
Withdrawn status Lost status Source of classification or shelving scheme Damaged status Not for loan Collection code Home library Current library Shelving location Date acquired Total Checkouts Full call number Barcode Date last seen Price effective from Koha item type
    Library of Congress Classification     Main Collection ARRUPE LIBRARY ARRUPE LIBRARY Main Collection 08/10/2021   BR115.C8 M265 1986 46600007671 08/10/2021 08/10/2021 Monograph ( Printed materials)

 

Arrupe Library. PO Box MP320 Mt Pleasant, Harare, Zimbabwe
263 242 745411|librarian@aju.ac.zw